Annual review of astronomy and astrophysics (Record no. 15560)

MARC details
000 -LEADER
fixed length control field 00653nam a2200205Ia 4500
003 - CONTROL NUMBER IDENTIFIER
control field IN-BaIIA
008 - FIXED-LENGTH DATA ELEMENTS--GENERAL INFORMATION
fixed length control field 211028s9999 xx 000 0 eng d
020 ## - INTERNATIONAL STANDARD BOOK NUMBER
International Standard Book Number 0-8243-0941-3
040 ## - CATALOGING SOURCE
Transcribing agency IIA Library
080 ## - UNIVERSAL DECIMAL CLASSIFICATION NUMBER
Universal Decimal Classification number 047.1:52
Item number ARA-41
245 #0 - TITLE STATEMENT
Title Annual review of astronomy and astrophysics
Remainder of title vol. 41
Statement of responsibility, etc. edited by G. Burbidge, R. Blandford and A. Sandage
260 ## - PUBLICATION, DISTRIBUTION, ETC.
Place of publication, distribution, etc. California
Name of publisher, distributor, etc. Annual Reviews
Date of publication, distribution, etc. 2003
300 ## - PHYSICAL DESCRIPTION
Extent xii, 689p.
650 ## - SUBJECT ADDED ENTRY--TOPICAL TERM
Topical term or geographic name entry element Cosmology
650 ## - SUBJECT ADDED ENTRY--TOPICAL TERM
Topical term or geographic name entry element Galaxy
9 (RLIN) 3368
650 ## - SUBJECT ADDED ENTRY--TOPICAL TERM
Topical term or geographic name entry element Stellar Evolution
700 ## - ADDED ENTRY--PERSONAL NAME
Personal name Blandford, R., ed.
9 (RLIN) 28703
700 ## - ADDED ENTRY--PERSONAL NAME
Personal name Sandage, A., ed.
9 (RLIN) 17045
942 ## - ADDED ENTRY ELEMENTS (KOHA)
Koha item type Books
Holdings
Withdrawn status Lost status Damaged status Not for loan Home library Current library Shelving location Date acquired Total Checkouts Full call number Barcode Date last seen Price effective from Koha item type
        IIA Library-Bangalore IIA Library-Kavalur General Stacks 19/12/2003   047.1:52/ ARA-41 16482 05/11/2021 19/12/2003 Books

Powered by Koha